American sign language dictionary / (Record no. 4210)
[ view plain ]
| 000 -LEADER | |
|---|---|
| fixed length control field | 00740nam a2200205 ar4500 |
| 001 - CONTROL NUMBER | |
| control field | 4212 |
| 005 - DATE AND TIME OF LATEST TRANSACTION | |
| control field | 20221127090907.0 |
| 008 - FIXED-LENGTH DATA ELEMENTS--GENERAL INFORMATION | |
| fixed length control field | 150421s xxua d 00010 eng d |
| 020 ## - INTERNATIONAL STANDARD BOOK NUMBER | |
| International Standard Book Number | 9780062736345 : |
| Terms of availability | SR130.00 |
| 082 04 - DEWEY DECIMAL CLASSIFICATION NUMBER | |
| Classification number | 419.703 |
| Item number | Am35 1998 |
| 245 00 - TITLE STATEMENT | |
| Title | American sign language dictionary / |
| Statement of responsibility, etc. | Martin L. Sternberg ; illustrations by Herbert Rogoff and North Market Street Graphics. |
| 246 1# - VARYING FORM OF TITLE | |
| Title proper/short title | American sign language. |
| 250 ## - EDITION STATEMENT | |
| Edition statement | 3rd ed., revised. |
| 260 ## - PUBLICATION, DISTRIBUTION, ETC. | |
| Place of publication, distribution, etc. | New York : |
| Name of publisher, distributor, etc. | Harper Perennial, |
| Date of publication, distribution, etc. | 1998. |
| 300 ## - PHYSICAL DESCRIPTION | |
| Extent | xvii, 772 p. : |
| Other physical details | ill. ; |
| Dimensions | 24 cm. |
| 500 ## - GENERAL NOTE | |
| General note | Abridged ed. of: American Sign Language. |
| 650 #4 - SUBJECT ADDED ENTRY--TOPICAL TERM | |
| Topical term or geographic name entry element | American sign language |
| Form subdivision | Dictionaries. |
| 650 #4 - SUBJECT ADDED ENTRY--TOPICAL TERM | |
| Topical term or geographic name entry element | Sign language |
| Form subdivision | Dictionaries. |
| 700 0# - ADDED ENTRY--PERSONAL NAME | |
| Personal name | Sternberg, Martin L. A. |
| Withdrawn status | Lost status | Source of classification or shelving scheme | Damaged status | Not for loan | Home library | Current library | Date acquired | Total Checkouts | Full call number | Barcode | Date last seen | Copy number | Price effective from | Koha item type |
|---|---|---|---|---|---|---|---|---|---|---|---|---|---|---|
| CENTRAL | CENTRAL | 11/27/2022 | 419.703 Am35 1998 | 10000000012626 | 11/27/2022 | C1 | 11/27/2022 | Reference | ||||||
| CENTRAL | CENTRAL | 11/27/2022 | 419.703 Am35 1998 | 10000000012625 | 11/27/2022 | C2 | 11/27/2022 | Reference |
